00371nam a2200121Ia 4500008004100000040001800041041000800059100001900067245009500086260003700181300001700218650001400235130821s1977 ck gr spa  aCo-BoUCMbspa aspa aMandel, Ernest aPreguntas y respuestas sobre la "historia del partido comunista de la URSS"cErnest Mandel aBogotá (Colombia)bPlumac1977 a96 páginas04aComunismo